Literature Quiz

Random Literature or Art Quiz

Art/Literature/Music Same Name Quiz Stats

 Plays Quiz not verified by Sporcle

Score 0/34 Timer 14:00
0 Plays Today
Creator 1 Work % Correct
Sergei ProkofievWar and Peace
60.1%
Alexandre Cabanel Paradise Lost
58.9%
Eugene Henri Cauchois The Four Seasons
54.4%
Johannes Vermeer Girl with a Pearl Earring
43%
Henry PurcellThe Fairy-Queen/The Faerie Queene
39.2%
Benjamin BrittenBilly Budd
39.2%
Igor Stravinsky The Firebird
33.5%
Pyotr TchaikovskyEugene Onegin
32.3%
Igor Stravinsky(A) Rake's Progress
29.1%
John William Waterhouse The Lady of Shallot
26.6%
GiorgioneThe Tempest
26.6%
Henry James The Ambassadors
20.9%
Rogier van der Weyden Portrait of a Lady
19.6%
Anthony Powell A Dance to the Music of Time
17.7%
Jacques OffenbachOrpheus in the Underworld
15.2%
Charles Baudelaire Les Fleurs du Mal
14.6%
Baroness Orczy The Laughing Cavalier
14.6%
Creator 1 Work % Correct
Albrecht Dürer [1512] Ecce Homo
13.9%
Samuel BarberAntony and Cleopatra
13.3%
Richard Brinsley Sheridan The School for Scandal
12.7%
Alexander Pushkin [1825]Boris Godunov
12.7%
Richard Wagner Tristan and Isolde
12%
John Dryden Marriage a-la-Mode
12%
Sergei RachmaninoffIsle of the Dead
10.8%
Henry Wadsworth Longfellow The Midnight Ride of Paul Revere
8.2%
JM Coetzee Waiting for the Barbarians
7.6%
Nikolai GogolTaras Bulba
7.6%
El Greco View of Toledo
6.3%
Henri RousseauThe Dream
6.3%
Pieter Brueghel the Elder Hunters in the Snow
5.7%
Giorgio de Chirico The Disquieting Muses
5.7%
Hans Christian Andersen The Nightingale
4.4%
Nikolai Rimsky-Korsakov The Golden Cockerel
3.8%
Victor HerbertThe Fortune Teller
1.9%

You're not logged in!

Compare scores with friends on all Sporcle quizzes.
OR
Log In

Show Comments

Extras

Top Quizzes Today


Score Distribution

Your Account Isn't Verified!

In order to create a playlist on Sporcle, you need to verify the email address you used during registration. Go to your Sporcle Settings to finish the process.

Report this User

Report this user for behavior that violates our Community Guidelines.

Details: